Using ArcGIS survey analyst: GIS by ESRI / (Record no. 616132)

000 -LEADER
fixed length control field 00436nam a22001697a 4500
003 - CONTROL NUMBER IDENTIFIER
control field NUST
005 - DATE AND TIME OF LATEST TRANSACTION
control field 20260209100815.0
008 - FIXED-LENGTH DATA ELEMENTS--GENERAL INFORMATION
fixed length control field 260209b ||||| |||| 00| 0 eng d
020 ## - INTERNATIONAL STANDARD BOOK NUMBER
International Standard Book Number 978-1589480674
082 ## - DEWEY DECIMAL CLASSIFICATION NUMBER
Classification number 910.285
100 ## - MAIN ENTRY--PERSONAL NAME
Personal name Hodson, Tim.
9 (RLIN) 133127
245 ## - TITLE STATEMENT
Title Using ArcGIS survey analyst: GIS by ESRI /
Statement of responsibility, etc. Hodson, Tim.
260 ## - PUBLICATION, DISTRIBUTION, ETC.
Place of publication, distribution, etc. USA:
Name of publisher, distributor, etc. ESRI Press,
Date of publication, distribution, etc. 2002.
300 ## - PHYSICAL DESCRIPTION
Extent 304 p ;
563 ## - BINDING INFORMATION
Binding note Paperback
942 ## - ADDED ENTRY ELEMENTS (KOHA)
Source of classification or shelving scheme
Koha item type Book
Holdings
Withdrawn status Lost status Source of classification or shelving scheme Damaged status Not for loan Permanent Location Current Location Date acquired Total Checkouts Full call number Barcode Date last seen Price effective from Koha item type
          Institute of Geographical Information Systems (IGIS) Institute of Geographical Information Systems (IGIS) 02/09/2026   910.285 IGIS-1403 02/09/2026 02/09/2026 Book
© 2023 Central Library, National University of Sciences and Technology. All Rights Reserved.